| 000 | 00000nam##2200000za#4500 |
| 001 | 9.601490 |
| 003 | CaOODSP |
| 005 | 20210624210111 |
| 007 | cr ||||||||||| |
| 008 | 150406|2008||||xxc|||||o f|0| 0 fre|d |
| 022 | |a1919-5117 |
| 040 | |aCaOODSP|bfre |
| 043 | |an-cn--- |
| 086 | 1 |aFs70-6/2008-038F-PDF |
| 110 | 1 |aCanada. |bMinistère des pêches et des océans. |bRégion de Terre-Neuve et du Labrador. |
| 245 | 10|aÉtat de l'océan 2007 : |h[ressource électronique]|bconditions océanographiques chimiques et biologiques dans la région de Terre-Neuve et du Labrador |
| 246 | 17|aRégion de Terre-Neuve et du Labrador : océanographie chimique et biologique |
| 260 | |aSt. John's - Terre-Neuve et Labrador : |bPêches et Océans Canada. |cSeptembre 2008. |
| 300 | |a10p.|bcarte en couleur, figures (certaines en couleur), graphiques, ill., références |
| 490 | 1 |aSecrétariat canadien de consultation scientifique, avis scientifique|x1919-5117|v2008/038, Région de Terre-Neuve et du Labrador |
| 590 | |a11-21-Supp|b2011-09-30 |
| 775 | 08|t2007 state of the ocean : |w(CaOODSP)9.570846 |
| 830 | #0|aAvis scientifique (Secrétariat canadien de consultation scientifique)|x1919-5117|v2008/038, Région de Terre-Neuve et du Labrador|w(CaOODSP)9.502624 |
| 856 | 40|ahttp://publications.gc.ca|qPDF|s570 Ko|uhttps://publications.gc.ca/collections/collection_2011/mpo-dfo/Fs70-6-2008-038-fra.pdf|y2008/038, Région de Terre-Neuve et du Labrador |